Ιστορία της νεοελληνικής λογοτεχνίας

Αποθηκεύτηκε σε:
Λεπτομέρειες βιβλιογραφικής εγγραφής
Κύριος συγγραφέας: Πολίτης, Λίνος, 1906-1982
Μορφή: Βιβλίο
Γλώσσα:Greek
Δημοσίευση: Αθήνα : Μορφωτικό Ιδρυμα Εθνικής Τραπέζης, c1978.
Θέματα:
Ετικέτες: Προσθήκη ετικέτας
Δεν υπάρχουν, Καταχωρήστε ετικέτα πρώτοι!

MARC

LEADER 00000cam a2200000 i 4500
001 1/31039
008 960724s1978 gr | ||| |||| ||gre||
020 |a 9602500611 
035 |1 ΕΛΗ  |a 1996  |b 2407  |c ΒΙΒΛΙΟΘΗΚΗ  |l 10038724 
035 |l 10077779 
040 |a GR-MyUa  |b gre  |e AACR2 
041 0 |a gre 
082 7 |a 889.09   |2 (21) 
100 1 |a Πολίτης, Λίνος,   |d 1906-1982. 
245 1 0 |a Ιστορία της νεοελληνικής λογοτεχνίας /   |c Λίνου Πολίτη. 
260 |a Αθήνα :   |b Μορφωτικό Ιδρυμα Εθνικής Τραπέζης,   |c c1978. 
300 |a ις', 446 σ. ;   |c 22 εκ. 
500 |a Το παράρτημα Σάμου διαθέτει την 8η έκδοση του 1995. 
500 |a Το παράρτημα Σύρου διαθέτει την 11η έκδοση του 2001. 
504 |a Βιβλιογραφία: σ. 391-419. Ευρετήριο. 
650 0 |a Greek literature, Modern  |x History and criticism. 
852 |a INST  |b SAMOS  |e 19960724  |h 889.09 ΠΟΛ  |p 005300009531  |q 005300009531  |t BK  |y 0 
852 |a INST  |b SYROS  |e 20050426  |h 889.09 ΠΟΛ  |p 005500003531  |q 005500003531  |t BK  |y 0 
901 |a BIBL5-2005-1 
970 |a Καγιαβά  |b Ειρήνη  |z 26/04/2005